000 00533cam a2200193 4500
001 D3315
008 090401t1981 xxu||||| |||| 00| 0 eng d
035 _a(Sirsi) u72759
041 _aeng
050 _a624.175
100 _aEaton, Keith
245 _aBuildings and tropical wind storms
260 _aGarston, Watford
_bBuilding Research Establishment, Oversea
_c1981
300 _a17p. ill. 30cm
350 _a0
490 _aMinistry of Overseas Development Overseas Building Note
_v188
942 _n0
948 _c04/03/1997
999 _c95528
_d95528